[Event "Roquetas de Mar op 35th"]
[Site "Roquetas de Mar"]
[Date "2024.01.05"]
[Round "6"]
[White "Fernandez, Maria Florencia"]
[Black "Luque Saiz, Andres"]
[Result "0-1"]
[WhiteElo "2074"]
[BlackElo "2328"]
[PlyCount "100"]
[EventDate "2024.01.02"]
[EventType "swiss"]
[EventRounds "9"]
[EventCountry "ESP"]
[SourceTitle "CB02_2024"]
[SourceDate "2024.01.10"]
[SourceVersion "1"]
[SourceVersionDate "2024.01.10"]
[SourceQuality "1"]

1. d4 d6 2. c4 e5 3. Nc3 exd4 4. Qxd4 Nc6 5. Qd2 Nf6 6. Nf3 Be6 7. e4 Ne5 8. b3 Nxf3+ 9. gxf3 g6 10. Bb2 Bg7 11. Be2 Qe7 12. Rg1 c6 13. 0-0-0 0-0-0 14. Kb1 Ne8 15. Nd5 cxd5 16. cxd5 Kb8 17. dxe6 fxe6 18. Bxg7 Nxg7 19. Qb4 Qc7 20. Rd2 Qc5 21. Qxc5 dxc5 22. Rgd1 Rxd2 23. Rxd2 Kc7 24. Rc2 Kc6 25. Rd2 Rf8 26. Kb2 Nh5 27. a4 Kc7 28. Kc3 Nf4 29. Bb5 a6 30. Bf1 g5 31. b4 Ng6 32. Be2 cxb4+ 33. Kxb4 Ne5 34. Rc2+ Kd6 35. Rd2+ Kc7 36. Rc2+ Nc6+ 37. Kb3 Rd8 38. Kb2 Rd4 39. Ka3 Kd6 40. Rb2 Kc7 41. Rc2 Rd7 42. Bc4 Re7 43. e5 Kb6 44. Re2 Nd4 45. Re4 Kc5 46. Be2 Rf7 47. Bd1 Nxf3 48. Rg4 h6 49. Rg3 Nxe5 50. Bb3 Nc4+ 0-1

[Event "Roquetas de Mar op 35th"]
[Site "Roquetas de Mar"]
[Date "2024.01.03"]
[Round "2"]
[White "Lara Mezcua, Alonso"]
[Black "Luque Saiz, Andres"]
[Result "0-1"]
[WhiteElo "2084"]
[BlackElo "2328"]
[PlyCount "124"]
[EventDate "2024.01.02"]
[EventType "swiss"]
[EventRounds "9"]
[EventCountry "ESP"]
[SourceTitle "CB02_2024"]
[SourceDate "2024.01.10"]
[SourceVersion "1"]
[SourceVersionDate "2024.01.10"]
[SourceQuality "1"]

1. e4 c6 2. d4 d5 3. exd5 cxd5 4. Bd3 Nc6 5. c3 Qc7 6. h3 e6 7. Nf3 Bd6 8. 0-0 Nge7 9. Re1 Bd7 10. Bc2 f6 11. c4 dxc4 12. d5 exd5 13. Qxd5 Ne5 14. Qd1 0-0-0 15. Be3 Bc6 16. Nbd2 Nxf3+ 17. gxf3 Ng6 18. Qe2 Rhe8 19. Be4 Nf4 20. Qxc4 Bxe4 21. Qxc7+ Bxc7 22. fxe4 Nxh3+ 23. Kg2 Nf4+ 24. Kf3 Nd3 25. Rh1 h6 26. Rab1 Ne5+ 27. Ke2 Ng4 28. f3 Nxe3 29. Kxe3 g5 30. Ke2 Bf4 31. Rbc1+ Kb8 32. Rcd1 Bxd2 33. Rxd2 Rxd2+ 34. Kxd2 Rh8 35. Rh5 Kc7 36. f4 Kd7 37. e5 gxf4 38. exf6 Ke6 39. f7 Kxf7 40. Rf5+ Kg6 41. Rxf4 h5 42. Ke3 Re8+ 43. Kf2 Rc8 44. Rb4 b6 45. Kg3 Kg5 46. Kh3 Rc5 47. a4 Rd5 48. Kg3 Re5 49. Kh3 Kf5 50. Kg3 Ke6 51. Kh3 Kd6 52. Kg3 Kc5 53. Rb5+ Kd4 54. Rb4+ Kd3 55. Kh3 Kc2 56. Kh4 Rd5 57. Kg3 Rd3+ 58. Kh4 Rb3 59. Rc4+ Kxb2 60. Kxh5 Ka3 61. Rc7 a5 62. Rc4 Rb4 0-1

[Event "Benidorm Bali op-A"]
[Site "Benidorm"]
[Date "2023.12.07"]
[Round "8"]
[White "Luque Saiz, Andres"]
[Black "Roulet Dubonnet, Emerik Vapenstad"]
[Result "1-0"]
[WhiteElo "2349"]
[BlackElo "2170"]
[PlyCount "69"]
[EventDate "2023.12.01"]
[EventType "swiss"]
[EventRounds "9"]
[EventCountry "ESP"]
[SourceTitle "CB50_2023"]
[SourceDate "2023.12.13"]
[SourceVersion "1"]
[SourceVersionDate "2023.12.13"]
[SourceQuality "1"]

1. e4 c6 2. Nc3 d5 3. Nf3 Bg4 4. h3 Bxf3 5. Qxf3 e6 6. Be2 Bc5 7. Qg3 Bd4 8. 0-0 Ne7 9. Bd3 Nd7 10. Ne2 Bf6 11. exd5 cxd5 12. c3 0-0 13. Bc2 Qb8 14. Qe3 b5 15. d4 Qb6 16. h4 Rfc8 17. Qd3 g6 18. Bg5 Bxg5 19. hxg5 Nf5 20. g4 Nd6 21. Kg2 b4 22. Rh1 bxc3 23. Rxh7 cxb2 24. Rah1 Kf8 25. Nf4 Ke8 26. Rh8+ Ke7 27. Nxg6+ fxg6 28. R1h7+ Nf7 29. Qa3+ Nc5 30. dxc5 Qc6 31. Rxf7+ Kxf7 32. Qf3+ Ke7 33. Qf6+ Kd7 34. Rh7+ Ke8 35. Bxg6# 1-0

[Event "Guardamar Esphouses op 1st"]
[Site "Guardamar del Segura"]
[Date "2023.09.04"]
[Round "1"]
[White "Rodriguez Yague, Fermin"]
[Black "Luque Saiz, Andres"]
[Result "0-1"]
[WhiteElo "1519"]
[BlackElo "2371"]
[PlyCount "92"]
[EventDate "2023.09.04"]
[EventType "swiss"]
[EventRounds "9"]
[EventCountry "ESP"]
[SourceTitle "EXT 2024"]
[Source "ChessBase"]
[SourceDate "2023.10.10"]
[SourceVersion "1"]
[SourceVersionDate "2023.10.10"]
[SourceQuality "1"]

1. d4 d6 2. Nc3 Nf6 3. Bg5 Nbd7 4. Nf3 h6 5. Bh4 g5 6. Bg3 Nh5 7. e3 Bg7 8. Bc4 e6 9. Qd2 a6 10. a4 Nxg3 11. hxg3 d5 12. Be2 c5 13. a5 g4 14. Nh4 h5 15. f4 cxd4 16. exd4 b5 17. Nd1 Qf6 18. c3 b4 19. 0-0 bxc3 20. bxc3 0-0 21. Rb1 Qh6 22. Rb2 f5 23. Nf2 Qf6 24. Rfb1 Kh7 25. Bd3 Qd8 26. Ra1 Qc7 27. Qc2 Nb8 28. Rb6 Nc6 29. Qb2 Rf7 30. Bb1 Bf6 31. Nd3 Be7 32. Rxc6 Qxc6 33. Ne5 Qe8 34. Nxf7 Qxf7 35. Qb6 Qe8 36. Bd3 Kg7 37. Rb1 Qd8 38. Kf2 Qxb6 39. axb6 Bb7 40. c4 dxc4 41. Bxc4 Kf6 42. Ke3 Rc8 43. Kd3 Be4+ 44. Kc3 Bxb1 45. b7 Rb8 46. Bxa6 Be4 0-1

[Event "Montserrat op"]
[Site "Montserrat"]
[Date "2023.08.30"]
[Round "4"]
[White "Kovacevic, Slobodan"]
[Black "Luque Saiz, Andres"]
[Result "1/2-1/2"]
[WhiteElo "2218"]
[BlackElo "2318"]
[PlyCount "52"]
[EventDate "2023.08.28"]
[EventType "swiss"]
[EventRounds "9"]
[EventCountry "ESP"]
[SourceTitle "EXT 2024"]
[Source "ChessBase"]
[SourceDate "2023.10.10"]
[SourceVersion "1"]
[SourceVersionDate "2023.10.10"]
[SourceQuality "1"]

1. d4 d5 2. Bf4 Nf6 3. e3 c5 4. c3 Qb6 5. Qc2 cxd4 6. exd4 Nc6 7. Nf3 Bg4 8. Nbd2 e6 9. Bd3 Bh5 10. Qb3 Nd7 11. 0-0 Be7 12. Rfe1 0-0 13. h3 Rfc8 14. Rab1 Nf8 15. Bg3 Bg6 16. Bxg6 Nxg6 17. Qxb6 axb6 18. a3 Na5 19. Re2 b5 20. Ne1 Nc4 21. Ndf3 Bd6 22. Bxd6 Nxd6 23. Nd3 b6 24. Nfe5 Nf8 25. Nf4 Nc4 26. Ned3 Rc6 1/2-1/2

[Event "Mutxamel 5th"]
[Site "Mutxamel"]
[Date "2023.08.21"]
[Round "1"]
[White "Luque Saiz, Andres"]
[Black "Lortkipanidze, Nodar"]
[Result "0-1"]
[WhiteElo "2318"]
[BlackElo "2382"]
[PlyCount "44"]
[EventDate "2023.08.21"]
[EventType "tourn"]
[EventRounds "9"]
[EventCountry "ESP"]
[EventCategory "2"]
[SourceTitle "CBM 215 Extra"]
[Source "ChessBase"]
[SourceDate "2023.09.30"]
[SourceVersion "1"]
[SourceVersionDate "2023.09.30"]
[SourceQuality "1"]

1. e4 e5 2. Nf3 Nc6 3. Bc4 Nf6 4. Ng5 d5 5. exd5 b5 6. Bf1 Nxd5 7. Bxb5 Bb7 8. Qf3 Qd7 9. Nc3 Ndb4 10. Ba4 h6 11. Nge4 0-0-0 12. Qe3 f5 13. Nc5 Bxc5 14. Qxc5 Qd4 15. Qxd4 exd4 16. a3 Na6 17. Na2 Rhe8+ 18. Kd1 Nc5 19. Bb5 d3 20. Bxd3 Nxd3 21. cxd3 Nd4 22. Rg1 Bd5 0-1

[Event "ESP-ch Rapid"]
[Site "Linares"]
[Date "2023.08.19"]
[Round "4"]
[White "Ayats Llobera, Gerard"]
[Black "Luque Saiz, Andres"]
[Result "1-0"]
[WhiteElo "2471"]
[BlackElo "2318"]
[PlyCount "197"]
[EventDate "2023.08.19"]
[EventType "swiss (rapid)"]
[EventRounds "10"]
[EventCountry "ESP"]
[SourceTitle "CBM 215 Extra"]
[Source "ChessBase"]
[SourceDate "2023.09.30"]
[SourceVersion "1"]
[SourceVersionDate "2023.09.30"]
[SourceQuality "1"]

1. Nf3 d5 2. g3 Bf5 3. Bg2 c6 4. 0-0 e6 5. d3 Nf6 6. Nbd2 h6 7. e3 Be7 8. Qe2 0-0 9. e4 Bh7 10. Re1 a5 11. e5 Nfd7 12. Nf1 c5 13. Bf4 Nc6 14. h4 Nd4 15. Qd2 a4 16. N1h2 a3 17. b3 Rc8 18. c3 Nxf3+ 19. Bxf3 b5 20. Rad1 b4 21. c4 d4 22. Ng4 Kh8 23. Bb7 Rb8 24. Be4 Rg8 25. Bxh7 Kxh7 26. Bxh6 Rh8 27. Qf4 Kg8 28. Bg5 Bxg5 29. Qxg5 Qxg5 30. hxg5 Kh7 31. Kg2 Kg6 32. f4 Rh7 33. Rh1 Rbh8 34. Rxh7 Rxh7 35. Nh2 Rh8 36. g4 Kh7 37. Nf3 Kg8 38. Kg3 g6 39. Nd2 Kf8 40. Ne4 Ke7 41. Nd6 Rh7 42. Re1 Rh8 43. Ne4 Kf8 44. Nf6 Nb6 45. f5 Ke7 46. fxg6 fxg6 47. Rf1 Kd8 48. Ne4 Nd7 49. Nd6 Nxe5 50. Nb7+ Ke7 51. Nxc5 Rc8 52. Na6 Nxd3 53. Rd1 Nc5 54. Nxc5 Rxc5 55. Rxd4 Rxg5 56. Kf4 Rc5 57. Rd2 Kf6 58. Rd6 g5+ 59. Kf3 Rc8 60. Rb6 Rd8 61. Ke2 Rh8 62. Rxb4 Rh2+ 63. Kd3 Rxa2 64. Ra4 Ke5 65. Ra5+ Kf4 66. c5 e5 67. Ra4+ Kf3 68. c6 Ra1 69. Kc2 Rh1 70. c7 Rh8 71. Rxa3 e4 72. b4+ e3 73. b5 Kf2 74. Rxe3 Kxe3 75. b6 Rc8 76. Kb3 Kf3 77. Kc4 Kxg4 78. Kd5 Kh3 79. Kc6 g4 80. b7 Rxc7+ 81. Kxc7 g3 82. b8Q g2 83. Qh8+ Kg3 84. Qg7+ Kf2 85. Qd4+ Kf1 86. Qf4+ Ke2 87. Qe4+ Kf2 88. Qf4+ Ke2 89. Qg3 Kf1 90. Qf3+ Kg1 91. Kd6 Kh2 92. Qh5+ Kg3 93. Qg5+ Kh3 94. Ke5 Kh2 95. Qh4+ Kg1 96. Ke4 Kf1 97. Qf4+ Ke1 98. Kf3 g1B 99. Ke4 1-0

[Event "ESP-ch Rapid"]
[Site "Linares"]
[Date "2023.08.19"]
[Round "10"]
[White "Luque Saiz, Andres"]
[Black "Rubio Mejia, Luis Ignacio"]
[Result "0-1"]
[WhiteElo "2318"]
[BlackElo "2388"]
[PlyCount "84"]
[EventDate "2023.08.19"]
[EventType "swiss (rapid)"]
[EventRounds "10"]
[EventCountry "ESP"]
[SourceTitle "CBM 215 Extra"]
[Source "ChessBase"]
[SourceDate "2023.09.30"]
[SourceVersion "1"]
[SourceVersionDate "2023.09.30"]
[SourceQuality "1"]

1. e4 c6 2. d4 d5 3. Nd2 dxe4 4. Nxe4 Nf6 5. Nxf6+ exf6 6. c3 Bd6 7. Bd3 0-0 8. Ne2 Re8 9. 0-0 Nd7 10. Bf4 Nf8 11. Qd2 Ng6 12. Bxd6 Qxd6 13. Ng3 Be6 14. Qc2 Rad8 15. Rad1 Qd5 16. b3 Qg5 17. Rfe1 Bd5 18. c4 Rxe1+ 19. Rxe1 Be6 20. Bxg6 hxg6 21. Qc3 f5 22. Ne2 Qf6 23. Rd1 g5 24. f3 f4 25. h3 Rd7 26. Qe1 Bf5 27. Qf2 Re7 28. d5 cxd5 29. cxd5 Re3 30. d6 Bd7 31. Rd2 Qe5 32. Kh2 Qa1 33. Qg1 Qe5 34. Qd1 f5 35. Rd5 Qe6 36. Nc1 g4 37. fxg4 fxg4 38. hxg4 Re1 39. Qd2 Rxc1 40. Rh5 Qe3 41. Qd5+ Be6 42. d7 Qg3# 0-1

[Event "ESP-ch U18"]
[Site "Salobrena"]
[Date "2023.08.05"]
[Round "9"]
[White "Luque Saiz, Andres"]
[Black "Habans Aguerrea, Javier"]
[Result "0-1"]
[WhiteElo "2286"]
[BlackElo "2301"]
[PlyCount "56"]
[EventDate "2023.07.31"]
[EventType "swiss"]
[EventRounds "9"]
[EventCountry "ESP"]
[SourceTitle "CBM 215 Extra"]
[Source "ChessBase"]
[SourceDate "2023.09.30"]
[SourceVersion "1"]
[SourceVersionDate "2023.09.30"]
[SourceQuality "1"]

1. e4 c5 2. d4 cxd4 3. c3 Nf6 4. e5 Nd5 5. Qxd4 e6 6. Bd3 Nc6 7. Qe4 d6 8. Nf3 dxe5 9. Nxe5 Bd6 10. Nxc6 bxc6 11. 0-0 f5 12. Qe2 0-0 13. Rd1 Qc7 14. h3 Kh8 15. Bc4 e5 16. Nd2 e4 17. Nb3 Bd7 18. Nd4 Rae8 19. Bxd5 cxd5 20. Nb5 Bxb5 21. Qxb5 f4 22. Qxd5 Bc5 23. b4 Bb6 24. Bb2 f3 25. Qd6 Bxf2+ 26. Kxf2 e3+ 27. Ke1 f2+ 28. Ke2 f1Q+ 0-1

[Event "ESP-ch U18"]
[Site "Salobrena"]
[Date "2023.08.03"]
[Round "6"]
[White "Garrido Outon, Alex"]
[Black "Luque Saiz, Andres"]
[Result "1/2-1/2"]
[WhiteElo "2403"]
[BlackElo "2286"]
[PlyCount "174"]
[EventDate "2023.07.31"]
[EventType "swiss"]
[EventRounds "9"]
[EventCountry "ESP"]
[SourceTitle "CBM 215 Extra"]
[Source "ChessBase"]
[SourceDate "2023.09.30"]
[SourceVersion "1"]
[SourceVersionDate "2023.09.30"]
[SourceQuality "1"]

1. e4 c6 2. d4 d5 3. e5 c5 4. Nf3 cxd4 5. Nxd4 e6 6. Nd2 Nc6 7. Nxc6 bxc6 8. Bd3 Ne7 9. 0-0 Ng6 10. Nf3 Bc5 11. c3 a5 12. Qa4 Qc7 13. Re1 Bd7 14. Qg4 Bf8 15. c4 Rb8 16. b3 Bb4 17. Bd2 Bxd2 18. Nxd2 0-0 19. Nf3 f5 20. exf6 Rxf6 21. Qh5 Nf8 22. Ne5 Qd6 23. Qg5 Be8 24. Ng4 Rf4 25. g3 Rd4 26. Ne5 Nd7 27. Bf1 h6 28. c5 Nxc5 29. Qc1 Re4 30. Nd3 Nxd3 31. Bxd3 Rxe1+ 32. Qxe1 a4 33. Bc2 e5 34. Rd1 Bd7 35. Qe4 Rb4 36. Qe3 a3 37. Qa7 Rb8 38. Qe3 Rf8 39. Qc3 Bg4 40. Rc1 e4 41. Bd1 Bxd1 42. Rxd1 c5 43. Qa5 d4 44. Qxa3 Qf6 45. Qb2 Qf3 46. Re1 h5 47. Qc2 Rf5 48. Qe2 Kh7 49. Qxf3 exf3 50. Re8 c4 51. bxc4 Ra5 52. Rf8 Ra3 53. h4 Rxa2 54. Rxf3 Rc2 55. Rf5 g6 56. Rf4 Rxc4 57. Kf1 Kg7 58. Ke1 Ra4 59. Kd2 Rb4 60. Kd3 Rb7 61. Rxd4 Ra7 62. Ke4 Re7+ 63. Kd5 Rf7 64. Rf4 Ra7 65. Ke4 Ra4+ 66. Kf3 Ra3+ 67. Kg2 Ra2 68. Kh3 Ra3 69. f3 Ra1 70. g4 hxg4+ 71. Rxg4 Ra5 72. Kg3 Kh6 73. Rb4 Rc5 74. Re4 Ra5 75. Re8 Rb5 76. Re4 Ra5 77. Kg4 Rb5 78. Re6 Ra5 79. f4 Rb5 80. Re5 Rb1 81. Re6 Rb5 82. Re8 Ra5 83. Rg8 Rb5 84. h5 Rxh5 85. Rh8+ Kg7 86. Rxh5 gxh5+ 87. Kxh5 Kf6 1/2-1/2

[Event "Valencia Cuna op 4th"]
[Site "Valencia"]
[Date "2023.07.10"]
[Round "3"]
[White "Luque Saiz, Andres"]
[Black "Moskalenko, Viktor"]
[Result "1/2-1/2"]
[WhiteElo "2286"]
[BlackElo "2436"]
[PlyCount "44"]
[EventDate "2023.07.08"]
[EventType "swiss"]
[EventRounds "9"]
[EventCountry "ESP"]
[SourceTitle "CBM 215 Extra"]
[Source "ChessBase"]
[SourceDate "2023.09.30"]
[SourceVersion "1"]
[SourceVersionDate "2023.09.30"]
[SourceQuality "1"]

1. e4 e6 2. d4 d5 3. Nd2 Nf6 4. e5 Nfd7 5. Bd3 c5 6. c3 Nc6 7. Ne2 cxd4 8. cxd4 f6 9. exf6 Nxf6 10. Nf3 Bd6 11. 0-0 Qc7 12. Nc3 a6 13. Bg5 0-0 14. Rc1 Nh5 15. Bb1 g6 16. Bh4 Bd7 17. Bg3 Nxg3 18. hxg3 Rf6 19. Na4 Raf8 20. Nc5 Bc8 21. Rc3 Qg7 22. Nb3 g5 1/2-1/2

[Event "San Vicente del Raspeig op 3rd"]
[Site "San Vicente del Raspeig"]
[Date "2022.12.27"]
[Round "2"]
[White "Luque Saiz, Andres"]
[Black "Seleznev, Egor"]
[Result "1-0"]
[WhiteElo "2286"]
[BlackElo "1814"]
[PlyCount "87"]
[EventDate "2022.12.26"]
[EventType "swiss"]
[EventRounds "9"]
[EventCountry "ESP"]
[SourceTitle "CBM 212 Extra"]
[Source "ChessBase"]
[SourceDate "2023.03.31"]
[SourceVersion "1"]
[SourceVersionDate "2023.03.31"]
[SourceQuality "1"]

1. e4 c6 2. d4 d5 3. Nd2 dxe4 4. Nxe4 Nf6 5. Nxf6+ exf6 6. c3 Bd6 7. Bd3 0-0 8. Ne2 Re8 9. 0-0 Nd7 10. Ng3 Nf8 11. f4 Qa5 12. Qf3 c5 13. Ne4 Qc7 14. f5 Nd7 15. Nxd6 Qxd6 16. Bf4 Qc6 17. Rae1 Rxe1 18. Rxe1 Nf8 19. Qxc6 bxc6 20. dxc5 Bd7 21. Bd6 g6 22. g4 a5 23. a4 Kg7 24. Kf2 h5 25. h3 hxg4 26. hxg4 Ra7 27. Rb1 Nh7 28. Bc2 Ng5 29. b4 axb4 30. cxb4 Ra8 31. a5 gxf5 32. gxf5 Bc8 33. Bd3 Ba6 34. Bxa6 Rxa6 35. Re1 Ra8 36. Re7 Rh8 37. a6 Rh1 38. Bc7 Ra1 39. Ba5 Ra2+ 40. Re2 Ne4+ 41. Ke3 Rxe2+ 42. Kxe2 Nc3+ 43. Kd3 Nb5 44. Bb6 1-0

[Event "Benidorm Bali op-A"]
[Site "Benidorm"]
[Date "2022.12.06"]
[Round "5"]
[White "Tabuenca Mendataurigoitia, Daniel"]
[Black "Luque Saiz, Andres"]
[Result "1/2-1/2"]
[WhiteElo "2171"]
[BlackElo "2286"]
[PlyCount "106"]
[EventDate "2022.12.03"]
[EventType "swiss"]
[EventRounds "9"]
[EventCountry "ESP"]
[SourceTitle "CBM 211 Extra"]
[Source "ChessBase"]
[SourceDate "2023.01.31"]
[SourceVersion "1"]
[SourceVersionDate "2023.01.31"]
[SourceQuality "1"]

1. e4 e6 2. d4 d5 3. Nc3 Nf6 4. Bg5 Be7 5. e5 Nfd7 6. Bxe7 Qxe7 7. Qg4 0-0 8. Bd3 f5 9. exf6 Qxf6 10. Nf3 c5 11. dxc5 Nxc5 12. 0-0-0 Nc6 13. Qh5 Qf4+ 14. Kb1 Nxd3 15. Rxd3 g6 16. g3 gxh5 17. gxf4 Rxf4 18. Ne2 Rf7 19. Rg1+ Rg7 20. Rxg7+ Kxg7 21. Ng3 Kh6 22. c4 b6 23. cxd5 Nb4 24. Rc3 Nxd5 25. Rc6 Ne7 26. Rc7 Ng6 27. Ne4 Ba6 28. Neg5 Nf8 29. a4 Be2 30. Nf7+ Kg6 31. Nd4 Bd3+ 32. Kc1 Kf6 33. Nc6 Ng6 34. Nd6 Ne5 35. Nxa7 Ng4 36. f4 Nxh2 37. Rf7+ Kg6 38. Nc6 Ng4 39. Kd2 Bb1 40. Kc1 Ba2 41. Kd2 h4 42. f5+ Kh6 43. fxe6 Bxe6 44. Re7 Bd5 45. Nd4 h3 46. N6f5+ Kg5 47. Rxh7 h2 48. Ng3 Kf4 49. Nde2+ Kf3 50. Nf1 Kg2 51. Nxh2 Rxa4 52. Nxg4 Rxg4 53. Nc3 Bc4 1/2-1/2